000 00801nam a2200241Ia 4500
003 OSt
005 20220923223254.0
006 a|||||r|||| 00| 0
007 ta
008 220922b |||||||| |||| 00| 0 hin d
024 _a212,722
037 _cTextual
040 _aARTS
_cARTS
_bhin
041 _2hin
_ahin
082 _aO152,3N25,KF, L2
100 _aलाल, लक्ष्मी नारायण
245 0 _aकाले फूल का पौधा
246 _aKāle fūl kā paudhā
260 _aदिल्ली
_b पीताम्बर प्रका0
_c1972
650 _aहिन्दी साहित्य
_9156264
942 _hO152,3N25,KF, L2
_cTEXL
_2CC
999 _c362996
_d362996